000 00241nam a22001097a 4500
999 _c168287
_d168287
082 _a
_b
100 _aSanni N M
245 _aHindi kahani ke sau varsh/
_cby Sanni N M.
260 _aMathura,
_bJawahar,
_c2008.
650 _a
942 _cBK